| 000 | 00355nam a22001337a 4500 | ||
|---|---|---|---|
| 082 |
_a823 _bKIN/D |
||
| 100 | _aKINNEY,JEFF | ||
| 245 | _aDIARY OF A WIMPYKID: THE THIRD WHEEL | ||
| 246 |
_aDIARY OF A WIMPYKID: THE THIRD WHEEL _bDIARY OF A WIMPYKID: THE THIRD WHEEL |
||
| 260 |
_aU K _bPUFFIN _c2014 |
||
| 300 | _a217 | ||
| 650 | _aENGLISH STORY | ||
| 942 | _cBK | ||
| 999 |
_c9057 _d9057 |
||